Countries With AI Hints - Statistics

General Stats
  • This quiz has been taken 18 times
  • The average score is 12 of 15
Answer Stats
Hint Answer % Correct
Known for its unique wildlife, this country is home to creatures that exist nowhere else, including a marsupial that carries its young in a pouch. It has a strong sporting culture, a history deeply connected to its Indigenous peoples, and a globally recognized film and music industry. Its citizens are known for their laid-back attitude and distinctive accent. Australia
100%
A land of precision engineering and fairy-tale castles, this country is known for its influential philosophers, composers, and a history that has shaped the world. It boasts the world’s largest beer festival, an impressive automotive industry, and a capital city once divided by a famous wall. Germany
100%
This country is known for its politeness, love of ice hockey, and a national dish featuring fries, cheese curds, and gravy. It has two official languages and a strong cultural influence from both Indigenous traditions and European heritage. Its film industry is often used as a stand-in for Hollywood, and its maple syrup production is unmatched. Canada
93%
This country blends ancient traditions with cutting-edge technology, from centuries-old tea ceremonies to high-speed trains. It is famous for its unique cuisine, including a dish made with raw fish and rice, as well as its globally influential animation and video game industries. With a rich history of samurai and shoguns, it has left a lasting cultural impact worldwide. Japan
93%
This country has transformed from a desert landscape into a global hub of luxury, finance, and innovation. Known for its futuristic architecture, it is home to some of the tallest and most extravagant structures in the world. Its economy, once reliant on oil, has diversified into tourism, aviation, and technology. Traditional markets exist alongside sprawling shopping malls, reflecting a blend of heritage and modernity. United Arab Emirates
93%
This independent city-state is the smallest in the world, both in size and population. It serves as the spiritual and administrative center of the Roman Catholic Church, housing the residence of the Pope. Famous for its Renaissance-era art, it is home to the iconic St. Peter's Basilica and the Sistine Chapel, with its stunning ceiling painted by Michelangelo. Despite its small size, it holds immense cultural and religious significance globally. Vatican City
87%
This landlocked country in South America is known for its rich indigenous heritage and a unique blend of Guarani and Spanish cultures. It has a largely rural population and is famous for its production of soybeans, beef, and electricity. Its two main languages are spoken across the country, and it has a thriving traditional music scene. Despite being relatively unknown globally, its natural beauty and history offer a distinct and fascinating experience. Paraguay
80%
This country is known for its stunning coastline along the Adriatic Sea, dotted with medieval towns and pristine beaches. It boasts a rich cultural heritage, with Roman ruins and ancient fortresses scattered across the land. Its cuisine blends Italian, Balkan, and Mediterranean influences, and it has become a popular destination for travelers seeking history, natural beauty, and vibrant festivals. Croatia
73%
This island nation has a rich history shaped by ancient civilizations, with influences from Greek, Turkish, and Middle Eastern cultures. Known for its hospitality and Mediterranean cuisine, it is home to a cheese that can be grilled without melting. It has a divided capital, reflecting a complex political history, and is a popular destination for those seeking both cultural heritage and modern leisure. Cyprus
73%
This country is known for its stunning natural landscapes, including geysers, volcanic activity, and hot springs. Its people take pride in their Viking heritage and have one of the highest literacy rates in the world. The country is also famous for its unique folklore, including tales of elves and hidden people. With a focus on sustainability and green energy, this island nation offers a mix of modernity and raw, untouched beauty. Iceland
73%
This small Himalayan kingdom is known for its strong focus on happiness and well-being, with a government that prioritizes Gross National Happiness over economic growth. It is a deeply spiritual country, with many Buddhist monasteries and temples dotting the landscape. Surrounded by rugged mountains and lush forests, it has remained largely untouched by modern development. The country’s distinctive architecture features fortresses and buildings with intricate wooden carvings. Bhutan
67%
This island nation in the South Pacific is renowned for its crystal-clear waters, white-sand beaches, and vibrant coral reefs. Known for its friendly people, it has a strong cultural heritage influenced by both Melanesian and Polynesian traditions. It is a popular destination for travelers seeking tropical relaxation, adventure sports, and traditional ceremonies. The country's economy relies heavily on tourism, sugar production, and fishing. Fiji
60%
This small island nation off the coast of Central Africa is known for its lush rainforests, volcanic peaks, and pristine beaches. It is one of the least-developed countries in the world but has a rich biodiversity and a growing ecotourism sector. The economy relies heavily on cocoa production, and it has a unique Creole culture shaped by African and Portuguese influences. The country remains a peaceful and serene destination for those seeking natural beauty and solitude. São Tomé and Príncipe
60%
This West African country is known for its rich cultural diversity, with over 60 ethnic groups contributing to its vibrant traditions and languages. It is a leading producer of cocoa, which plays a major role in its economy. Its beaches and rainforests attract nature lovers, while its cities blend modern architecture with colonial influences. The country's football team is one of Africa's strongest, and it has a lively music scene that is popular across the continent. Ivory Coast
53%
This country is known for its vibrant markets, where the scent of spices fills the air and artisans sell intricate handmade goods. Its cuisine features rich flavors, including slow-cooked stews and sweet mint tea. A blend of Arab, Berber, and European influences is reflected in its language, architecture, and traditions. Its historic cities are famous for their colorful tiled courtyards and bustling street life. Morocco
53%
No matching quizzes found
Score Distribution
Percent of People with Each Score
Percentile by Number Answered
Your Score History
You have not taken this quiz